000 01005na a2200277 4500
001 17558
003 MIRAKIL
005 20181213154939.0
008 161029b tu 000 0
020 _a9757329177
040 _aMilas
_btur
_cTR-AnCHP
041 _atur
_ager
082 _a346.0134
_bT96t 2002
090 _a346.0134 T96t 2002
111 _aTürk ve Alman Özel Hukukunda Kadın
_cAnkara
_d2001
245 _aTürk ve Alman özel hukukunda kadın
_b= Die stellung der frau im Türkischen und Deutschen zivilrecht
_cDüzenleyenler Alman Kültür Merkezi, Başkent Üniversitesi ; çeviren Nezih Pala
246 _aDie stellung der frau im Türkischen und Deutschen zivilrecht
260 _aAnkara
_bAlman Kültür Merkezi
_c2002
300 _aiv, 197 s.
_btbl.
_c24 sm.
650 _aÖzel hukuk
_xKadınlar
_zAlmanya
650 _aÖzel hukuk
_xKadınlar
_zTürkiye
700 _aPala, Nezih
710 _aBaşkent Üniversitesi
710 _aAlman Kültür Merkezi
942 _2ddc
_cBKS
999 _c3685
_d3685